000 00996nam a22003377a 4500
001 0026073
003 KOHA_MİRAKIL
005 20260207002517.0
007 ta
008 101112b2003 tu |||grd|||#0|||0|tur |
020 _a9755914544
_c6,26
040 _aTR-BiSEU
_btur
_cTR-BiSEU
_erda
041 0 _atur
044 _ctu
050 _aHF5547
_b.T88 2003
100 1 _aTutar, Hasan.
245 1 _aBüro yönetimi ve sekreterlik sözlüğü /
_cHasan Tutar ; Hasan Tutar, Mehmet Altınöz.
264 1 _aAnkara :
_bNobel
_c2003
300 _a227 s.
336 _ametin
_btxt
_2rdacontent
337 _aaracısız
_bn
_2rdamedia
338 _acilt
_bnc
_2rdacarrier
490 1 _aHukuk işletme iktisat dizisi;97
500 _aKaynakça var.
650 0 _aİş--Sözlükler.
_92501
650 0 _aBüro Yönetimi--Sözlükler.
_92502
650 0 _aSekreterler--Sözlükler.
_92503
830 1 _aHukuk işletme iktisat dizisi;97
_951978
907 _aSözlük
942 _2lcc
_cBK
999 _c26019
_d26019